| 000 | 01020cam a22002535a 4500 | ||
|---|---|---|---|
| 001 | L155725 | ||
| 008 | 120412s2012 xxk f 000 0 eng d | ||
| 020 | _a9781842197707 | ||
| 035 | _a(Sirsi) u155725 | ||
| 041 | 0 | _aeng | |
| 110 | 2 |
_aRoyal Institution of Chartered Surveyors _94900 |
|
| 245 | 0 | 0 |
_aRetention _h[electronic resource] |
| 260 |
_aCoventry _bRICS _c2012 |
||
| 490 | 0 |
_aRICS Guidance Note _v(GN 90/2012) |
|
| 490 | 0 | _aRICS Black Book | |
| 520 | _aIntroduces the subject by looking at the general principles of retention, including areas such as law; reasons for introduction within a contract; levels of retention, and how amounts are deducted, certified or released. | ||
| 590 | _aKA | ||
| 650 | 2 | 4 | _aRICS BLACK BOOK |
| 650 | 2 | 4 | _aRICS QS AND CONSTRUCTION STANDARDS |
| 651 | 4 | _aUnited Kingdom | |
| 690 |
_aContracts _96232 |
||
| 856 | 4 | 1 |
_uhttps://www.rics.org/uk/upholding-professional-standards/sector-standards/construction/black-book/retention/ _zAvailable free on RICS.org |
| 942 |
_n0 _2ddc |
||
| 999 |
_c113776 _d113776 |
||